| 000 | 01071cab a2200193 4500 | ||
|---|---|---|---|
| 001 | L130805 | ||
| 008 | 050901n2005 000 0 eng u | ||
| 035 | _a(Sirsi) u130805 | ||
| 041 | 0 | _aeng | |
| 245 | 0 | 0 | _aHSE publishes inspector training pack for Work at Height Regulations |
| 260 | _c2005 | ||
| 490 | 0 |
_aHealth and Safety Executive Press Release _v(E106:05) 18 August 2005 |
|
| 520 | _aThe Health and Safety Executive (HSE) has published the pack used to train HSE and Local Authority Inspectors in enforcing the Work at Height Regulations 2005 on its website. The pack gives employers, safety professionals and those who work at height an opportunity to look at information provided to Inspectors and shows examples of good and bad practice that Inspectors look for during their visits. | ||
| 590 | _aIKA130905 | ||
| 650 | 2 | 4 | _aWORK AT HEIGHT REGULATIONS 2005 |
| 690 | _aMANAGEMENT-HEALTH AND SAFETY-HEALTH AND SAFETY RISK MANAGEMENT | ||
| 856 |
_uhttps://www.hse.gov.uk/press/2005/e05106.htm _zView the item free of charge at www.hse.gov.uk... |
||
| 942 | _n0 | ||
| 999 |
_c75801 _d75801 |
||